Представление документа в формате RUSMARC

ПолеНазваниеЗначение
  Тип записи i
  Библиографический уровень m
001 Контрольный номер RU/IS/BASE/409327743
005 Дата корректировки 20260515144536.1
010 Индекс ISBN __
a ISBN 978-5-4410-0001-7
d Цена 244-64
101 Язык документа 0_
a Язык текста rus
200 Заглавие и сведения об ответственности 1_
a Заглавие Симбионты
e Сведения, относящиеся к заглавию роман : [аудиокнига]
f Первые сведения об ответственности Олег Дивов ; [читает: Сергей Кузнецов]
b Общее обозначение материала Звукозапись
210 Выходные данные 1_
a Место издания М.
c Издательство Культур-Мультур
c Издательство ЭКСМО
d Дата издания 2011
215 Физическое описание __
a Объем 1 электрон. опт. диск (Audio CD) (12 ч.)
300 Общие примечания __
a Общие примечания MP3 ; 96 Kbps ; CD-плеер ; CD-ROM ; звуковая карта
a Общие примечания Говорящая кн.
323 Примечание о главных создателях, исполнителях, участниках __
a Примечание о главных создателях, исполнителях, участниках Кузнецов, С. (читает)
330 Аннотация __
a Аннотация Один хочет быть Президентом. Другой хочет, чтобы его оставили в покое. Одному за пятьдесят. Другому чуть больше пятнадцати. Один шел к своей цели всю жизнь. Другой чудом выжил. Что между ними общего? Нанороботы, которых не существует. Что у них разного? Один - раб своих капризов. Другой - готов умереть за свою свободу. Кто прав, решат вертолетики.
333 Примечание о целевом назначении __
a Примечание о целевом назначении 16+. Для детей старше 16 лет
606 Тематические рубрики __
a Основная рубрика Художественная литература
606 Тематические рубрики __
a Основная рубрика Современная русская литература (произведения)
610 Ключевые слова 0_
a Ключевые слова фантастические романы; романы; тема фантастики; тема приключений; фантастика
686 Индексы других классификаций __
a Классификационный индекс 84(2Рос=Рус)6-445я04; ст84(2Рос=Рус)6-445я0
700 Автор _1
a Фамилия Дивов
b Имя О. И.
g Полное личное имя Олег Игоревич
4 Код отношения 070
801 Источник записи _0
a Страна RU
b Организация Муниципальное бюджетное учреждение культуры "Централизованная библиотечная система" г. Сургут (Центральная городская библиотека им. А. С. Пушкина)
g Правила каталогизации КиК/Лукашук
801 Источник записи _1
a Страна RU
b Организация Муниципальное бюджетное учреждение культуры "Централизованная библиотечная система" г. Сургут (Центральная городская библиотека им. А. С. Пушкина)
g Правила каталогизации КиК/Лукашук
852 Данные о местонахождении __
j Шифр хранения 84(2Рос=Рус)6-445я04
i Авторский знак Д 44
901 Тип документа __
t Тип документа 0
903 Характеристики (МАРС) __
a Дата передачи 20121220
969 Тип издания __
a Тип издания аудиокнига; издание для слепых
990 Данные о заказе (DOS) __
j Количество экземпляров (DOS) 5
h N записи в КСУ для Б/У (DOS) 201301